What Disney Princess Is This? - Statistics

General Stats
  • This quiz has been taken 1,358 times
  • The average score is 8 of 9
Answer Stats
Hint Answer % Correct
Poison Apple Snow White
100%
Ursula Ariel
93%
Books Belle
93%
Magic Carpet Jasmine
89%
Long Hair Rapunzel
89%
Mickey Minnie
86%
Three Faries Aurora
85%
John Smith Pocahontas
77%
Captain Hook Tinkerbell
70%
No matching quizzes found
Score Distribution
Percent of People with Each Score
Percentile by Number Answered
Your Score History
You have not taken this quiz